Ensayos de teoría
Guardat en:
| Format: | Llibre |
|---|---|
| Idioma: | espanyol |
| Publicat: |
Madrid
Revista de Occidente
1966
|
| Edició: | 3a. ed |
| Col·lecció: | Selecta, 14
|
| Matèries: | |
| Etiquetes: |
Afegir etiqueta
Sense etiquetes, Sigues el primer a etiquetar aquest registre!
|
MARC
| LEADER | 00000nam a2200000 a 4500 | ||
|---|---|---|---|
| 001 | UCZ2599 | ||
| 003 | CL-VaPUC | ||
| 008 | 951005e19660000SP |||||||||||||||||spa|d | ||
| 082 | 0 | 4 | |a 121 |b MAR |2 21 |
| 245 | 1 | 0 | |a Ensayos de teoría |
| 250 | |a 3a. ed | ||
| 300 | |a 264 p | ||
| 942 | |c BK | ||
| 945 | |d 19951005 00:00:00 |a cmena | ||
| 260 | |a Madrid |b Revista de Occidente |c 1966 | ||
| 650 | 0 | |a Teoría del conocimiento |9 255038 | |
| 650 | 0 | |a Epistemología |9 264994 | |
| 650 | 0 | |a Ensayos |9 268724 | |
| 650 | 0 | |a Empirismo |9 255037 | |
| 650 | 0 | |a Filosofía antigua |9 255705 | |
| 650 | 0 | |a Psiquiatría |9 308427 | |
| 650 | 0 | |a Formas y géneros literarios |9 324031 | |
| 583 | |a last modification |c 19951005 00:00:00 |k Rodrigo Vera | ||
| 490 | 0 | |a Selecta, 14 | |
| 999 | |c 239167 |d 239165 | ||
| 952 | |0 0 |1 0 |4 0 |6 121_000000000000000_MAR_1966 |7 0 |8 P |9 250048 |a BIBEDU |b BIBEDU |c BIBEDU_PB |d 2019-11-18 |i 3122816 |o 121 MAR 1966 |p 3122816 |r 2024-01-25 |w 2019-11-18 |y BK |k FIL | ||